000 00560nam a2200181Ia 4500
008 090123s9999 xx 000 0 und d
082 _b10657
100 _aभाजेकर आशा
245 _aविक्रमवीर चिंटु
250 _a1
260 _bराजा प्रकाशन
_c1982
300 _a63
600 _aभाजेकर आशा
630 _aविक्रमवीर चिंटु
700 _aभाजेकर आशा
730 _aविक्रमवीर चिंटु
942 _cBOOK
999 _c48723
_d48723